El Llamp màgic /
Descripción Física:
27 pàgines : il·lustracions ; 20 cm
Colección:
Les Històries d'en Gènius
Otros Autores:
Montalt, Xesco
Materias:
Contes infantils
Idioma:
Catalán
MARC
| LEADER | 00000nam a2200000 a 4500 | ||
|---|---|---|---|
| 001 | 26225 | ||
| 005 | 20260324181129.0 | ||
| 008 | 150315s2014 spc||||j |||| 0|0 f cat| | ||
| 015 | |a LL2015 |2 bnc | ||
| 017 | |a DL B 24007-2014 |b Biblioteca de Catalunya | ||
| 080 | |a FU-72-15 | ||
| 100 | |a Manso, Anna, |d 1969- |9 53844 |e autor | ||
| 245 | 1 | 3 | |a El Llamp màgic / |c text: Anna Manso ; il·lustracions: Txesco Montalt |
| 250 | |a Primera edició | ||
| 260 | |a Barcelona : |b Diputació Barcelona, Xarta de Biblioteques Municipals, |c desembre de 2014 | ||
| 300 | |a 27 pàgines : |b il·lustracions ; |c 20 cm | ||
| 490 | |a Les Històries d'en Gènius | ||
| 655 | 0 | |a Contes infantils |9 67183 | |
| 700 | |a Montalt, Xesco |e il·lustrador |9 52973 | ||
| 710 | 1 | |a Barcelona (Catalunya : Província). |b Xarxa de Biblioteques Municipals |9 52650 | |
| 830 | 4 | |a Les Històries d'en Gènius | |
| 907 | |a .b63157342 |b 17-02-21 |c 25-03-15 |d 25-03-15 |e m |f a |g - |h cat |i spc |j 0 |k 0 | ||
| 908 | |a BC | ||
| 940 | |a BC | ||
| 942 | |2 udc |n 1 | ||
| 952 | |0 0 |1 0 |4 0 |6 FU7215 |7 1 |9 62742 |a Arxiu |b Arxiu |d 2022-07-11 |l 0 |o FU-72-15 |p 26225 |r 2022-07-11 00:00:00 |w 2022-07-11 |y ARXIU | ||
| 999 | |c 82261 |d 82261 | ||